Kliknij, aby ocalić Polskę - Statystyki

Ogólne statystyki
  • Ten quiz został rozwiązany 19 950 razy
  • Średni wynik to 89 z 190
Statystyki odpowiedzi
Hint Extra Hint Odpowiedź % Poprawnych
2,6 mln Warszawa + Kraków
99%
3,9 mln Łódź + Wrocław
98%
4,9 mln Poznań + Gdańsk
98%
5,7 mln powiat poznański + Szczecin
98%
6,4 mln Bydgoszcz + Lublin
97%
7 mln Białystok + Katowice
95%
7,5 mln powiat krakowski + powiat wołomiński
93%
8 mln Gdynia + Częstochowa
92%
8,4 mln powiat wejherowski + powiat nowosądecki
89%
8,8 mln powiat kielecki + Radom
87%
9,2 mln powiat tarnowski + Toruń
86%
9,6 mln Sosnowiec + Rzeszów
85%
10 mln Kielce + powiat nowotarski
84%
10,4 mln powiat piaseczyński + Gliwice
84%
10,7 mln powiat cieszyński + Olsztyn
83%
11,1 mln Zabrze + Bielsko-Biała
83%
11,4 mln powiat rzeszowski + powiat pruszkowski
82%
11,7 mln powiat bielski + powiat zgierski
82%
12,1 mln Bytom + powiat ostrowski
81%
12,4 mln powiat wadowicki + powiat inowrocławski
81%
12,7 mln powiat kłodzki + powiat wodzisławski
80%
13 mln powiat świdnicki + powiat lubelski
80%
13,3 mln powiat miński + powiat wrocławski
79%
13,6 mln powiat oświęcimski + powiat żywiecki
79%
13,9 mln powiat radomski + powiat białostocki
79%
14,2 mln powiat będziński + powiat gnieźnieński
78%
14,5 mln Zielona Góra + powiat tarnogórski
78%
14,8 mln powiat kartuski + Rybnik
77%
15,1 mln Ruda Śląska + powiat mielecki
77%
15,3 mln powiat pilski + powiat nyski
77%
15,6 mln powiat dębicki + powiat częstochowski
76%
15,9 mln powiat limanowski + powiat koniński
76%
16,1 mln powiat wielicki + powiat starogardzki
76%
16,4 mln Opole + powiat myślenicki
75%
16,6 mln Tychy + powiat olsztyński
75%
16,9 mln powiat otwocki + powiat chrzanowski
74%
17,1 mln powiat opolski + Gorzów Wielkopolski
74%
17,4 mln powiat stargardzki + powiat jarosławski
74%
17,6 mln powiat warszawski zachodni + powiat bydgoski
73%
17,9 mln powiat gdański + powiat legionowski
73%
18,1 mln powiat pabianicki + Elbląg
73%
18,3 mln Płock + Dąbrowa Górnicza
72%
18,6 mln powiat sieradzki + powiat zawierciański
72%
18,8 mln powiat tomaszowski + powiat tczewski
72%
19 mln powiat gliwicki + powiat jasielski
71%
19,2 mln powiat puławski + powiat bełchatowski
71%
19,5 mln powiat radomszczański + powiat krośnieński
71%
19,7 mln powiat pszczyński + powiat płocki
70%
19,9 mln powiat olkuski + Wałbrzych
70%
20,1 mln powiat bialski + Włocławek
70%
20,4 mln powiat garwoliński + powiat toruński
69%
20,6 mln powiat gorlicki + powiat ostrowiecki
69%
20,8 mln Tarnów + powiat raciborski
68%
21 mln Chorzów + powiat oleśnicki
68%
21,2 mln powiat bocheński + Koszalin
68%
21,4 mln powiat łukowski + powiat lubiński
67%
21,6 mln powiat stalowowolski + powiat zamojski
67%
21,8 mln powiat ostródzki + powiat biłgorajski
67%
22 mln powiat dzierżoniowski + Kalisz
66%
22,2 mln powiat mikołowski + Legnica
66%
22,4 mln powiat świecki + powiat słupski
65%
22,6 mln powiat grójecki + powiat chojnicki
65%
22,8 mln powiat grodziski + powiat kutnowski
65%
23 mln powiat żarski + powiat kraśnicki
64%
23,2 mln powiat sanocki + Grudziądz
64%
23,4 mln powiat kędzierzyńsko-kozielski + powiat brzeski
64%
23,6 mln powiat iławski + powiat szamotulski
63%
23,8 mln powiat ełcki + powiat piotrkowski
63%
23,9 mln Jaworzno + Słupsk
63%
24,1 mln powiat bolesławiecki + powiat brzeski
62%
24,3 mln powiat ciechanowski + powiat starachowicki
62%
24,5 mln powiat głogowski + powiat zgorzelecki
61%
24,7 mln powiat ostrołęcki + Jastrzębie-Zdrój
61%
24,8 mln powiat lubartowski + powiat pucki
61%
25 mln powiat czarnkowsko-trzcianecki + powiat płoński
60%
25,2 mln powiat kolski + powiat nakielski
60%
25,3 mln powiat nowosolski + powiat włocławski
59%
25,5 mln powiat trzebnicki + powiat jędrzejowski
59%
25,7 mln powiat sochaczewski + powiat kłobucki
58%
25,9 mln powiat suski + powiat turecki
58%
26 mln Nowy Sącz + powiat kaliski
58%
26,2 mln powiat kwidzyński + powiat goleniowski
57%
26,4 mln powiat tomaszowski + powiat gryfiński
57%
26,5 mln powiat siedlecki + powiat policki
56%
26,7 mln powiat łańcucki + powiat konecki
56%
26,8 mln powiat nowodworski + powiat kołobrzeski
55%
27 mln powiat bytowski + powiat brodnicki
55%
27,2 mln powiat kościański + Jelenia Góra
54%
27,3 mln powiat żagański + Siedlce
54%
27,5 mln powiat przeworski + powiat rybnicki
53%
27,6 mln powiat wrzesiński + powiat łowicki
53%
27,8 mln powiat chełmski + powiat szczecinecki
53%
27,9 mln powiat krotoszyński + powiat oławski
52%
28,1 mln powiat sandomierski + powiat lubliniecki
51%
28,2 mln powiat wieluński + powiat gostyński
51%
28,4 mln powiat opoczyński + powiat nowotomyski
50%
28,5 mln powiat zielonogórski + powiat żyrardowski
50%
28,7 mln Mysłowice + powiat ropczycko-sędziszowski
49%
28,8 mln powiat wyszkowski + powiat strzelecki
49%
29 mln powiat przemyski + powiat skarżyski
48%
29,1 mln Konin + powiat kościerski
48%
29,3 mln Piotrków Trybunalski + powiat mławski
47%
29,4 mln powiat łódzki wschodni + powiat ostrowski
47%
29,6 mln powiat gorzowski + powiat świdnicki
46%
29,7 mln powiat staszowski + powiat jarociński
45%
29,8 mln powiat buski + powiat myszkowski
45%
30 mln powiat wągrowiecki + powiat żniński
44%
30,1 mln Suwałki + powiat złotowski
43%
30,3 mln powiat szczycieński + powiat leżajski
43%
30,4 mln powiat tatrzański + Siemianowice Śląskie
42%
30,5 mln powiat koszaliński + powiat niżański
41%
30,7 mln powiat sokólski + powiat zduńskowolski
41%
30,8 mln powiat lęborski + powiat węgrowski
40%
30,9 mln powiat lipnowski + powiat brzozowski
39%
31,1 mln powiat myśliborski + powiat kluczborski
38%
31,2 mln powiat działdowski + powiat ząbkowicki
38%
31,3 mln powiat oleski + powiat krapkowicki
37%
31,4 mln powiat malborski + powiat karkonoski[e]
36%
31,6 mln Leszno + Zamość
36%
31,7 mln powiat polkowicki + powiat pleszewski
35%
31,8 mln powiat krasnostawski + Łomża
34%
31,9 mln Żory + powiat hrubieszowski
34%
32,1 mln powiat kolbuszowski + powiat kętrzyński
33%
32,2 mln Chełm + powiat śremski
32%
32,3 mln powiat strzyżowski + Przemyśl
32%
32,4 mln powiat rawicki + powiat gryficki
31%
32,6 mln powiat bieruńsko-lędziński + powiat obornicki
30%
32,7 mln powiat kozienicki + powiat dąbrowski
29%
32,8 mln powiat średzki + powiat słupecki
29%
32,9 mln powiat opolski + powiat radzyński
28%
33 mln powiat augustowski + powiat leszczyński
28%
33,1 mln powiat wolsztyński + powiat międzyrzecki
27%
33,3 mln powiat łęczyński + Biała Podlaska
26%
33,4 mln powiat elbląski + powiat bartoszycki
25%
33,5 mln powiat drawski + powiat wysokomazowiecki
25%
33,6 mln powiat giżycki + powiat kępiński
24%
33,7 mln powiat sławieński + powiat piski
23%
33,8 mln powiat człuchowski + powiat rycki
23%
33,9 mln powiat świebodziński + powiat ostrzeszowski
22%
34 mln powiat wałbrzyski + powiat średzki
21%
34,2 mln powiat legnicki + powiat prudnicki
21%
34,3 mln powiat aleksandrowski + powiat lubaczowski
20%
34,4 mln Piekary Śląskie + powiat krośnieński
20%
34,5 mln powiat lubański + powiat bielski
19%
34,6 mln powiat sokołowski + powiat wałecki
18%
34,7 mln powiat tarnobrzeski + powiat przasnyski
18%
34,8 mln powiat grodziski + Ostrołęka
17%
34,9 mln powiat opatowski + powiat chełmiński
17%
35 mln powiat pułtuski + powiat sierpecki
17%
35,1 mln powiat pajęczański + powiat łomżyński
16%
35,2 mln powiat jaworski + powiat łaski
16%
35,3 mln powiat mrągowski + powiat łęczycki
15%
35,4 mln Świętochłowice + powiat strzelecko-drezdenecki
15%
35,5 mln powiat miechowski + powiat rawski
14%
35,6 mln powiat tucholski + powiat choszczeński
14%
35,7 mln Skierniewice + powiat białogardzki
13%
35,8 mln powiat grajewski + powiat chodzieski
13%
35,9 mln powiat słubicki + powiat kamieński
12%
36 mln powiat wołowski + Tarnobrzeg
12%
36,1 mln powiat świdwiński + Krosno
12%
36,2 mln powiat lwówecki + powiat mogileński
11%
36,2 mln powiat janowski + powiat głubczycki
11%
36,3 mln powiat golubsko-dobrzyński + powiat włoszczowski
11%
36,4 mln powiat gostyniński + powiat makowski
10%
36,5 mln powiat siemiatycki + powiat nowomiejski
10%
36,6 mln powiat strzeliński + powiat rypiński
10%
36,7 mln powiat zambrowski + powiat złotoryjski
10%
36,8 mln powiat proszowicki + powiat kamiennogórski
9%
36,9 mln powiat namysłowski + powiat hajnowski
9%
36,9 mln powiat wieruszowski + powiat przysuski
9%
37 mln powiat sztumski + powiat lidzbarski
9%
37,1 mln powiat poddębicki + powiat braniewski
9%
37,2 mln powiat sępoleński + Świnoujście
8%
37,3 mln powiat moniecki + powiat radziejowski
8%
37,3 mln powiat grudziądzki + powiat szydłowiecki
8%
37,4 mln powiat pyrzycki + powiat wschowski
8%
37,5 mln powiat pińczowski + powiat żuromiński
8%
37,6 mln powiat włodawski + powiat skierniewicki
8%
37,7 mln powiat kolneński + powiat milicki
7%
37,7 mln powiat międzychodzki + powiat łobeski
7%
37,8 mln powiat zwoleński + powiat suwalski
7%
37,9 mln Sopot + powiat nowodworski
7%
37,9 mln powiat sulęciński + powiat górowski
7%
38 mln powiat parczewski + powiat wąbrzeski
7%
38,1 mln powiat olecki + powiat lipski
7%
38,1 mln powiat kazimierski + powiat białobrzeski
6%
38,2 mln powiat nidzicki + powiat brzeziński
6%
38,3 mln powiat łosicki + powiat gołdapski
6%
38,3 mln powiat leski + powiat węgorzewski
6%
38,4 mln powiat bieszczadzki + powiat sejneński
6%
Nie znaleziono quizów pasujących do podanych kryteriów
Rozkład punktacji
Procent ludzi z każdym wynikiem
Percentyl według liczby udzielonych odpowiedzi
Twoja historia wyników
Nie rozwiązałeś tego quizu